Foreign investment law and its impact on labour / (Record no. 4468)

MARC details
000 -LEADER
fixed length control field 00654 a2200181 4500
010 ## - LCCN (DPL NO)
LC control number ENG-86353
020 ## - INTERNATIONAL STANDARD BOOK NUMBER
International Standard Book Number 8176299014
Terms of availability 750.00
035 ## - SYSTEM CONTROL NUMBER
System control number EN-69886
037 ## - SOURCE OF ACQUISITION
Source of stock number/acquisition DBAD / PUB
082 14 - DEWEY DECIMAL CLASSIFICATION NUMBER
Classification number 346.54092
100 1# - MAIN ENTRY--PERSONAL NAME
Personal name Chaturvedi, Sharad Kumar
245 1# - TITLE STATEMENT
Title Foreign investment law and its impact on labour /
Statement of responsibility, etc by Sharad Kumar Chaturvedi
260 ## - PUBLICATION, DISTRIBUTION, ETC. (IMPRINT)
Place of publication, distribution, etc New Delhi
Name of publisher, distributor, etc Deep & Deep Publications
Date of publication, distribution, etc 2007
270 ## - ADDRESS
Address F-159, Rajouri Garden
City New Delhi
Postal code 110 027
Telephone number 011-2545369
Electronic mail address deep98@del.13.vsnl.net.in
300 ## - PHYSICAL DESCRIPTION
Extent xxiv, 305 p.
Dimensions 23cm. (Hb.)
500 ## - GENERAL NOTE
General note Includes bibliographical references and index
942 ## - ADDED ENTRY ELEMENTS (KOHA)
Institution code [OBSOLETE] dpl
Item type English Books
Source of classification or shelving scheme Dewey Decimal Classification
Classification part 346.54092
Call number suffix CHA
Holdings
Withdrawn status Lost status Not for loan Collection code Home library Current library Source of acquisition Cost, normal purchase price Full call number Barcode Copy number Cost, replacement price Koha item type
    Not For Loan Non-fiction D.B.Act.Division D.B.Act.Division DBAD/PUB 750.00 346.54092 CHA EN-69886 1 750.00 English Books

© Delhi Public Library
Hit Counter
free hit counter